| 000 | 00890nam a22001937a 4500 | ||
|---|---|---|---|
| 003 | BR-ViAPE | ||
| 005 | 20260422120648.0 | ||
| 008 | 260422t1910 por gs||||s000 0 por d | ||
| 040 | _cBR-ViAPE | ||
| 110 |
_aEspírito Santo _bEstado |
||
| 245 | _aMensagem dirigida pelo Dr. Jeronymo de Souza Monteiro Presidente do Estado ao Congresso do Espírito Santo na 1ª sessão da 7ª legislatura | ||
| 260 |
_aVitória _bImprensa Official _c1910 |
||
| 300 |
_a31 p. _bDocumento digitalizado (PDF) |
||
| 500 | _aDocumento digitalizado do acervo institucional do Arquivo Público do Estado do Espírito Santo - APEES. | ||
| 650 |
_aAdministração pública _zEspírito Santo |
||
| 651 |
_aEspírito Santo _xAdministração pública |
||
| 856 |
_uhttps://ape.es.gov.br/Media/ape/PDF/Mensagens/Mensagem-2024/Mensagem%20-%20ano%201910.pdf _yCLIQUE AQUI PARA ACESSAR O DOCUMENTO |
||
| 942 |
_2ddc _cMSGREL _n1 |
||
| 999 |
_c545 _d545 |
||